000 01539nam0a2200397 4500
001 RU\NLR\bibl\123525
005 20260409072314.0
010 _a5-88988-022-5
_915000
020 _aRU
_b98-30612
_9Книжная летопись
021 _aRU
_b98-21394
_91009
035 _a(NLR Aleph) 000120982
090 _a688942
_c688942
100 _a20000410d1998 |||y0rusy50 ca
101 0 _arus
102 _aRU
105 _aa |||||||||
200 1 _aГотовимся к школе
_eПрирода
_eОзнакомление с окружающим миром. Развитие мышления и речи
_fС. Г. Шевченко
210 _a[М.]
_cНика-пресс
_d[1998?]
215 _a14 с.
_cил.
_d29
517 0 _aПрирода
606 _aДошкольники
_xОзнакомление с окружающей жизнью
_3RU\NLR\auth\66999152
_91593269
610 0 _aДети дошкольного возраста - Подготовка к школе
610 0 _aРечь - Развитие у детей дошкольного возраста
610 0 _aПриродоведение - Учебно-наглядные пособия
675 _a373.21:502
_v3
_zrus
686 _a14.23
_2rugasnti
686 _a74.1
_2rubbk
686 _aЧ491.7
700 1 _aШевченко
_bС. Г.
_4070
801 0 _aRU
_bRKP
_c20000410
_gPSBO
801 1 _aRU
_bRKP
_c20000410
801 2 _aRU
_bNLR
_c20001227
_grcr
852 _aNLR
_j2000-8/2077
942 _cBOOK
980 _aNB